000 00427pab a2200157 454500
008 180718b2010 xxu||||| |||| 00| 0 eng d
100 _aMettler, Suzanne
245 _aReconstituting the submerged state: The challenges of social policy reform in the Obama era
260 _c2010
300 _ap.803-824.
362 _aSep
650 _aSocial policy
773 _aPerspectives on Politics
908 _aN
909 _a89479
999 _c89479
_d89479